000 00334nam a22001577a 4500
003 SGT
020 _a9789332586116
082 _a302.BAR
100 _aBRANS COMBE NYLA R.
245 _aSOCIAL PSYCHOLOGY
250 _a14TH
260 _aNOIDA {U.P.}
_bPEARSON
_c2022
300 _a646
650 _aPYCHOLOGY
942 _2ddc
_cBK
_046
999 _c22858
_d22858